000
00329nam a2200133Ia 4500
008
150301s2015 xx 000 0 und d
082
_a
615.1
_b
E13D
100
_a
DEDIPRAO DERLE
245
_a
ESSNTIALS OF PHARMACEUTICAL ENGEENIARING
260
_b
PHARMA MED PRESS
300
_a
292
650
_a
PHARMACEUTICS
942
_2
ddc
_c
BK
999
_c
7213
_d
7213